Basics of tourism: As per NEP (Record no. 395641)

MARC details
000 -LEADER
fixed length control field 00552 a2200217 4500
005 - DATE & TIME
control field 20260401111649.0
008 - FIXED-LENGTH DATA ELEMENTS--GENERAL INFORMATION
fixed length control field 260319b |||||||| |||| 00| 0 eng d
020 ## - ISBN
International Standard Book Number 9788197179549
Price Rs. 595.00
040 ## - CATALOGING SOURCE
Original cataloging agency VIVEKANANDA LIBRARY
082 ## - DDC NUMBER
Classification number 338.4791
Book Number B469B
100 ## - MAIN ENTRY--PERSONAL NAME
Personal name Bhupesh Kumar
245 ## - TITLE STATEMENT
Title Basics of tourism: As per NEP
260 ## - PUBLICATION, DISTRIBUTION, ETC. (IMPRINT)
Name of publisher, distributor, etc The Hospitality Press
Date of publication, distribution, etc 2025
Place of publication, distribution, etc Delhi
300 ## - PHYSICAL DESCRIPTION
Pages v, 218
650 ## - Subject
Subject Hotel Management
650 ## - Subject
Subject Tourism
650 ## - Subject
Subject Production
650 ## - Subject
Subject Tourism Industry
700 ## - Added Entry Personal Name
Added Entry Personal Name Tiu, Dhirendra
942 ## - ADDED ENTRY ELEMENTS (KOHA)
Koha item type Books
Holdings
Withdrawn status Lost status Source of classification or shelving scheme Damaged status Not for loan Location (home branch) Sublocation or collection (holding branch) Shelving location Date acquired Koha issues (times borrowed) Koha full call number Accession No. Koha date last seen Koha item type
    Dewey Decimal Classification     VIVEKANANDA LIBRARY VIVEKANANDA LIBRARY IHTM Library 21/01/2026   338.4791 B469B 425202 21/01/2026 Books
© Designed and Maintained by Vivekananda Library, MDU Rohtak